Central Library OPAC University of Rajshahi

Ancient Indian fables and stories : (Record no. 61493)

MARC details
000 -LEADER
fixed length control field 00847nam a2200265 a 4500
001 - CONTROL NUMBER
control field 61493
003 - CONTROL NUMBER IDENTIFIER
rucl marc code BD-RjUL
005 - DATE AND TIME OF LATEST TRANSACTION
control field 20211209080954.0
008 - FIXED-LENGTH DATA ELEMENTS--GENERAL INFORMATION
fixed length control field 170118s1924 enk 000 0 eng
035 ## - SYSTEM CONTROL NUMBER
System control number (BD-RjUL)61617
040 ## - CATALOGING SOURCE
Original cataloging agency DLC
Transcribing agency DLC
Modifying agency BD-RjUL
Language of cataloging eng
041 ## - LANGUAGE CODE
Language code of text/sound track or separate title eng
082 ## - DEWEY DECIMAL CLASSIFICATION NUMBER
Edition number 23
Classification number 895.1
Author mark and year RIA 1924
100 1# - MAIN ENTRY--PERSONAL NAME
Personal name Rice, Stanley,
9 (RLIN) 183277
245 10 - TITLE STATEMENT
Title Ancient Indian fables and stories :
Remainder of title being a selection from the Panchatantra /
Statement of responsibility, etc. Stanley Rice.
260 ## - PUBLICATION, DISTRIBUTION, ETC. (IMPRINT)
Place of publication, distribution, etc. London :
Name of publisher, distributor, etc. J. Murray,
Date of publication, distribution, etc. 1924.
300 ## - PHYSICAL DESCRIPTION
Pagination 126 p. ;
Size 18 cm.
490 0# - SERIES STATEMENT
Series statement Wisdom of the East
650 #0 - SUBJECT ADDED ENTRY--TOPICAL TERM
Topical term or geographic name as entry element Fables, Indic
General subdivision Translations into English.
9 (RLIN) 183278
Topical term or geographic name as entry element Manners and customs
Geographic subdivision India
9 (RLIN) 183279
651 #0 - SUBJECT ADDED ENTRY--GEOGRAPHIC NAME
Geographic name India
General subdivision Social life and customs
-- Fiction.
9 (RLIN) 183280
830 ## - SERIES ADDED ENTRY--UNIFORM TITLE
Uniform title Wisdom of the East
942 ## - ADDED ENTRY ELEMENTS (KOHA)
Source of classification or shelving scheme Dewey Decimal Classification
Koha item type Books
Holdings
Lost status Source of classification or shelving scheme Damaged status Not for loan Collection code Permanent Location Current Location Shelving location Date acquired Source of acquisition Total Checkouts Full call number Date last seen Copy number Koha item type
  Dewey Decimal Classification   Not For Loan Non-fiction Central Library, University of Rajshahi Central Library, University of Rajshahi Reading Room 25/01/1958 Spalding trust, gratis   895.1 RIA 1924 18/01/2017 C-1 Books